| 000 | 01036naa a22003377a 4500 | ||
|---|---|---|---|
| 001 | BR8004024 | ||
| 003 | BR-BrBNA | ||
| 005 | 20240918174622.0 | ||
| 007 | ta | ||
| 008 | 230509b bl.||||| |||| 00| 0 por d | ||
| 040 |
_aBR-BrBNA _bpor _cBiblioteca Nacional de Agricultura |
||
| 041 | _a(Pt) | ||
| 072 | _aF28; F27 | ||
| 090 | _aF28 BR8004024 | ||
| 100 | 1 | _aCanecchio Filho, V. | |
| 245 | 1 | _aConservacao do solo [Erosao do solo; Cultivo do solo] | |
| 250 | 1 | _a6. ed. | |
| 260 | 3 |
_aCampinas, SP (Brasil): _c1980. |
|
| 500 | _aAdministracao tecnica agricola 6. ed. Campinas, SP (Brasil): 1980. p. 102-126 (BR8004024-AM)F28 | ||
| 650 | _aEROSAO DO SOLO | ||
| 650 | _aSOLO | ||
| 650 | _aROTACAO DE CULTURA | ||
| 650 | _aCULTIVO EM FAIXA | ||
| 650 | _aTERRACO | ||
| 650 | _aPASTAGEM | ||
| 650 | _aREFLORESTAMENTO | ||
| 650 | _aCONSERVACAO DO SOLO | ||
| 773 | 0 |
_tAdministracao tecnica agricola _wF28 BR8004024 _gCampinas, SP (Brasil), 1980. p. 102-126 |
|
| 909 |
_a202404 _bLucia _c55 _dLucia Elande |
||
| 942 |
_cAM _2AGRIS |
||
| 999 |
_c312389 _d312389 |
||